00470nam a22001457a 450000500170000000800430001705000180006024500800007825000080015826000580016630000070022465000270023165000270025871000390028520180213085544.0 1980 mx a spa 04aNA9bA38 198000aAnuario de arquitectura mexicana 1979 /cInstituto Nacional de Bellas Artes a1a. aMéxico :bInstituto Nacional de Bellas Artes,c1980 aV. 4aArquitecturaxAnuarios 4aConstruccionxAnuarios2 aInstituto Nacional de Bellas Artes